Hamburger Bahnhöfe mit Karte - Statistiken

Allgemein
  • Dieses Quiz wurde 3.166 mal gespielt
    3.122 seit der letzten Aktualisierung
  • Das Durchschnittsergebnis liegt bei 77 aus 253
Antworten auf der Karte
Die Antworten werden auf der Karte rot bzw. grün angezeigt, abhängig davon wie oft sie richtig erraten wurden.
 
Antwortstatistiken
Linie Bahnhöfe % Korrekt
S1 | S2 | S3 | +5 others Hauptbahnhof
95%
S1 | S2 | S3 Altona
82%
S1 | S3 | U1 | +2 others Jungfernstieg
66%
U3 St. Pauli
66%
S1 | S3 | U3 Landungsbrücken
64%
S3 | S5 Harburg
63%
S1 | S3 Reeperbahn
60%
S2 | S5 Dammtor
58%
S1 Hamburg Airport (Flughafen)
56%
S1 | S2 | U2 | +2 others Berliner Tor
55%
S2 | S5 | U3 Sternschanze
53%
S1 | U3 Barmbek
52%
U3 Rathaus
52%
U3 Baumwall (Elbphilharmonie)
47%
U4 HafenCity Universität
47%
S3 Pinneberg
47%
U2 | U3 Schlump
46%
S1 Wedel
46%
S1 Blankenese
44%
S3 | S5 | U4 Elbbrücken
44%
S1 Poppenbüttel
44%
S5 Stade
44%
S1 | U1 Ohlsdorf
43%
S5 Buxtehude
41%
S3 | S5 Stellingen (Arenen)
41%
S2 Bergedorf
40%
U2 | U4 Billstedt
39%
U3 Feldstraße (Heiligengeistfeld)
39%
S3 | S5 Veddel (BallinStadt)
39%
S3 | S5 Wilhelmsburg
39%
U2 Hagenbecks Tierpark
38%
U1 | U3 Wandsbek-Gartenstadt
37%
U1 | U3 Kellinghusenstraße
36%
U3 Mönckebergstraße
36%
A1 | S3 | S5 Eidelstedt
35%
S3 | S5 Hammerbrook (City Süd)
35%
S3 | S5 Harburg Rathaus
34%
U2 Mümmelmannsberg
34%
S3 | S5 Neugraben
34%
U2 Niendorf Nord
34%
A2 | U1 Norderstedt Mitte
34%
S1 | S3 Stadthausbrücke
34%
S3 | S5 Elbgaustraße
33%
S2 | S5 Holstenstraße
33%
S1 | S3 Königstraße
33%
S1 Ottensen
33%
U1 Stephansplatz (Oper/CCH)
33%
U1 Wandsbek Markt
33%
S2 Aumühle
32%
S1 | U1 Wandsbeker Chaussee
32%
U2 Gänsemarkt (Oper)
31%
U1 | U3 Lübecker Straße
31%
U3 Rödingsmarkt
31%
U1 Fuhlsbüttel
30%
U2 Niendorf Markt
30%
U4 Überseequartier
30%
S3 | S5 Diebsteich
29%
U1 Farmsen
29%
U3 Mundsburg
29%
S1 Othmarschen
29%
S1 Alte Wöhr (Stadtpark)
28%
U2 | U4 Horner Rennbahn
28%
U2 Messehallen
28%
S1 Bahrenfeld
27%
U3 Eppendorfer Baum
27%
U3 Hoheluftbrücke
27%
U1 Ohlstedt
27%
U1 Steinstraße
27%
U1 Volksdorf
27%
U1 Alsterdorf
26%
U2 Christuskirche
26%
U3 Hamburger Straße
26%
S1 Hasselbrook
26%
S1 Klein Flottbek
26%
S1 Rissen
26%
U3 Borgweg (Stadtpark)
25%
U1 Großhansdorf
25%
U1 Berne
24%
S2 Billwerder-Moorfleet
24%
A1 | A2 Kaltenkirchen
24%
S1 Landwehr
24%
U1 Meßberg
24%
U2 Osterstraße
24%
S2 Rothenburgsort
24%
S2 Allermöhe
23%
A3 Elmshorn
23%
U2 Emilienstraße
23%
S5 Fischbek
23%
U1 Hallerstraße
23%
U1 Ochsenzoll
23%
U2 | U4 Rauhes Haus
23%
U1 Ritterstraße
23%
U3 Saarlandstraße
23%
U2 | U4 Hammer Kirche
22%
S3 | S5 Heimfeld (TU Hamburg)
22%
U1 Klosterstern
22%
U1 Lattenkamp (Sporthalle)
22%
S2 Reinbek
22%
S1 Wellingsbüttel
22%
U2 | U4 Burgstraße
21%
U1 Garstedt
21%
S3 Halstenbek
21%
S1 Kornweg (Klein Borstel)
21%
S3 | S5 Langenfelde
21%
U1 Langenhorn Markt
21%
S2 Tiefstack
21%
U1 Wartenau
21%
U1 Ahrensburg West
20%
U1 Alter Teichweg
20%
U3 Dehnhaide
20%
S1 Friedrichsberg
20%
U1 Hudtwalckerstraße
20%
U1 Langenhorn Nord
20%
U1 Lohmühlenstraße
20%
U2 Lutterothstraße
20%
S1 Rübenkamp (City Nord)
20%
U1 Sengelmannstraße (City Nord)
20%
U3 Sierichstraße
20%
U1 Trabrennbahn
20%
U1 Fuhlsbüttel Nord
19%
U3 Habichtstraße
19%
A1 | A2 | A3 Henstedt-Ulzburg
19%
S1 Iserbrook
19%
S3 | S5 Neuwiedenthal
19%
U3 Uhlandstraße
19%
U1 Ahrensburg Ost
18%
U2 Hagendeel
18%
U1 Klein Borstel
18%
S2 Nettelnburg
18%
A1 Quickborn
18%
A1 Schnelsen
18%
S1 Sülldorf
18%
S3 Krupunder
17%
S2 Mittlerer Landweg
17%
U1 Straßburger Straße
17%
U1 Kiwittsmoor
16%
U2 | U4 Legienstraße
16%
S5 Neu Wulmstorf
16%
S1 Hochkamp
15%
S3 Thesdorf
15%
U2 Joachim-Mähl-Straße
14%
U1 Meiendorfer Weg
14%
U1 Oldenfelde
14%
A1 | A2 | A3 Ulzburg Süd
14%
S2 Wohltorf
14%
S5 Agathenburg
13%
S1 Hoheneichen
13%
U1 Hoisbüttel
13%
S5 Horneburg
13%
U1 Kiekut
13%
U1 Richtweg
13%
U2 Schippelsweg
13%
U2 Steinfurther Allee
13%
A1 Burgwedel
12%
S5 Dollern
12%
U2 Merkenstraße
12%
A2 Bad Bramstedt
11%
U1 Buckhorn
11%
A1 Eidelstedt Zentrum
11%
A1 Ellerau
11%
S5 Neukloster
11%
A1 Bönningstedt
10%
U1 Buchenkamp
10%
A2 dodenhof
10%
A1 | A2 Kaltenkirchen Süd
10%
A1 Quickborn Süd
10%
U1 Schmalenbeck
10%
A3 Barmstedt
9%
A1 Hasloh
9%
A2 Holstentherme
9%
A1 Hörgensweg
8%
A2 Moorbekhalle (Schulzentrum Nord)
8%
A2 Boostedt
7%
A2 Friedrichsgabe
7%
A2 Quickborner Straße
7%
A1 Tanneneck
7%
A3 Alveslohe
6%
A2 Bad Bramstedt Kurhaus
6%
A2 Haslohfurth
6%
A2 Meeschensee
6%
A2 Nützen
6%
A3 Barmstedt Brunnenstraße
5%
A2 Großenaspe
5%
A3 Langeln
5%
A3 Sparrieshoop
5%
A3 Voßloch
5%
A3 Bokholt
4%
A3 Langenmoor
4%
A2 Lentföhrden
4%
A2 Wiemersdorf
4%
Keine übereinstimmenden Quizze gefunden
Verteilung der Resultate
Anzahl Personen mit jedem Resultat
Perzentil nach korrekt beantworteten Fragen
Ihre Resultats-Entwicklung
Sie haben dieses Quiz seit der letzten Aktualisierung nicht gespielt